Most expensive football transfers - Born in 1991 - Statistics

General Stats
  • This quiz has been taken 22 times
  • The average score is 9 of 11
Answer Stats
Fee (M €) Season Nationality Left Joined Player % Correct
120 2019-2020 France Atlético Madrid Barcelona Antoine Griezmann
100%
115 2019-2021 Belgium Chelsea Real Madrid Eden Hazard
90%
76 2015-2016 Belgium VfL Wolfsburg Manchester City Kevin De Bruyne
90%
67 2018-2019 Algeria Leicester Manchester City Riyad Mahrez
90%
53 2017-2018 France Olympique Lyon Arsenal Alexandre Lacazette
86%
75 2014-2015 Colombia Monaco Real Madrid James Rodríguez
86%
45 2013-2014 Colombia FC Porto Monaco James Rodríguez
86%
84 2017-2018 Netherlands Southampton Liverpool Virgil van Dijk
86%
60 2016-2017 Brazil Chelsea Shanghai SIPG Oscar
81%
57 2018-2019 Brazil / Italy SSC Napoli Chelsea Jorginho
67%
45 2014-2015 France FC Porto Manchester City Eliaquim Mangala
62%
No matching quizzes found
Score Distribution
Percent of People with Each Score
Percentile by Number Answered
Your Score History
You have not taken this quiz